000 00264nam a2200097Ia 4500
001 1158352
005 20250827011300.0
008 250824s9999 xx 000 0 und d
245 0 _aUSTA BİR SİFACININ KADİM SIRLARI
_cCLİNT G. ROGERS
260 _bDESTEK YAYINLARI
999 _c1158352
_d1158352